000 00369nam a2200145 i 4500
001 bg
100 1 _aJAKUBOWSKI, Bohdan
245 0 _aEkonomika i organizacja przedsiębiorstw gastronomicznych /
_cBohdan Jakubowski.
250 _aWyd.3.
260 _aWarszawa,
_c1974.
040 _cBPK
041 _apol
942 _cKS
008 s pl f |000 0 pol
999 _c16487
_d16487
856 _uhttp://koha.tu.koszalin.pl/cgi-bin/koha/opac-detail.pl?biblionumber=16487
_yKatalog online BPK